Französisch Vokabeln Grundwissen - Farben - Statistiken

Allgemein
  • Dieses Quiz wurde 161 mal gespielt
  • Das Durchschnittsergebnis liegt bei 8 aus 11
Antwortstatistiken
Hint Antwort % Korrekt
Rot Rouge
98%
Blau Bleu
95%
Weiß Blanc
92%
Schwarz Noir
90%
Orange Orange
89%
Grün Vert
70%
Grau Gris
66%
Braun Brun / Marron
60%
Gelb Jaune
60%
Pink Rose
56%
Lila Violet
53%
Keine übereinstimmenden Quizze gefunden
Verteilung der Resultate
Anzahl Personen mit jedem Resultat
Perzentil nach korrekt beantworteten Fragen
Ihre Resultats-Entwicklung
Sie haben dieses Quiz noch nicht gespielt